01542cam a22003617a 4500003000500000005001700005008004100022010001000063011001000073035001000083040000900093090001000102100004400112245017700156260004100333300001000374502006900384590003700453590004100490590004100531590004100572590004200613650004900655650003700704901000700741905002400748942000900772949006200781949005100843999001700894952014000911952012901051CHAP20220329142722.0030129d2002 mx r 00110 spa d a86792 a87764 a98308 cCHAP aTesis00aRascón Ramos, Argelia Emelina.99470610aEvaluación de la sobrevivencia de las plantaciones establecidas en 1997 por el PRONARE en la región III Texcoco, Estado de Méxicoc/por Argelia Emelina Rascón Ramos aChapingo, Méx. :bEl autor,c2002. a89 h. aTesis (Ing. Forestal) -- UACH. División de Ciencias Forestales aALEPHb10c20130110lUCH01h1451 aBATCH-UPDb10c20130110lUCH01h2039 aBATCH-UPDb10c20130410lUCH01h1354 aBATCH-UPDb10c20130914lUCH01h0722 aCONVERSIONb10c20130109lUCH01h134810aBosquesxInventariosxMéxico (Edo.)91426010aPlantación de árboles988782 aBK aMayto Villalobos S. cFOLL aTesisbBCcTESd33724000883161eTS2fc.2h40343i98308si aTesisbBCcTESd98308123eTS1h40344i98308sb c86792d86792 00102local4053708TESISaBCbBCcPA_TESISd2019-12-31fTESISl0oTesisp33724000883161r2019-12-31 00:00:00tc.2w2019-12-31yTESIS 00102local4051708TESISaBCbBCcPA_TESISd2019-12-31fTESISl0oTesisp98308123r2019-12-31 00:00:00w2019-12-31yTESIS